Sigwa : (Record no. 292375)
[ view plain ]
| 000 -LEADER | |
|---|---|
| fixed length control field | 00641nam a2200217Ia 4500 |
| 008 - FIXED-LENGTH DATA ELEMENTS--GENERAL INFORMATION | |
| fixed length control field | 160319s9999 xx 000 0 und d |
| 020 ## - INTERNATIONAL STANDARD BOOK NUMBER | |
| International Standard Book Number | 9789715420037 |
| 050 ## - LIBRARY OF CONGRESS CALL NUMBER | |
| Classification number | 899.2113 |
| 050 ## - LIBRARY OF CONGRESS CALL NUMBER | |
| Item number | .C271s 2007 |
| 245 ## - TITLE STATEMENT | |
| Title | Sigwa : |
| 245 ## - TITLE STATEMENT | |
| Remainder of title | isang antolohiya ng maikling kuwento / |
| 245 ## - TITLE STATEMENT | |
| Statement of responsibility, etc | pamatnugutan, Mila Carreon-Laurel ... et al. |
| 260 ## - PUBLICATION, DISTRIBUTION, ETC. (IMPRINT) | |
| Place of publication, distribution, etc | Quezon City : |
| 260 ## - PUBLICATION, DISTRIBUTION, ETC. (IMPRINT) | |
| Name of publisher, distributor, etc | The University of the Philippines Press |
| 260 ## - PUBLICATION, DISTRIBUTION, ETC. (IMPRINT) | |
| Date of publication, distribution, etc | 2007 |
| 300 ## - PHYSICAL DESCRIPTION | |
| Extent | xxx, 280 pages : |
| 300 ## - PHYSICAL DESCRIPTION | |
| Dimensions | 18 cm. |
| 650 ## - SUBJECT ADDED ENTRY--TOPICAL TERM | |
| Topical term or geographic name as entry element | Philippines -- History -- Revolution, 1896-1898. |
| 650 ## - SUBJECT ADDED ENTRY--TOPICAL TERM | |
| Topical term or geographic name as entry element | Short Stories, Filipino |
| 700 ## - ADDED ENTRY--PERSONAL NAME | |
| Personal name | Laurel, Mila Carreon. |
| Withdrawn status | Lost status | Damaged status | Home library | Current library | Shelving location | Date acquired | Total Checkouts | Full call number | Barcode | Date last seen | Price effective from | Koha item type |
|---|---|---|---|---|---|---|---|---|---|---|---|---|
| Stonyhurst Southville International School (Batangas) | Stonyhurst Southville International School (Batangas) | Filipiniana Section | 03/19/2016 | 899.2113 .C271s 2007 | US-2022 | 03/19/2016 | 03/19/2016 | Books |